|
|
|
|
| LEADER |
04064nam a22003973i 4500 |
| 001 |
EBC6424752 |
| 003 |
MiAaPQ |
| 005 |
20231204023215.0 |
| 006 |
m o d | |
| 007 |
cr cnu|||||||| |
| 008 |
231204s2020 xx o ||||0 ger d |
| 020 |
|
|
|a 9783839449394
|q (electronic bk.)
|
| 020 |
|
|
|z 9783837649390
|
| 035 |
|
|
|a (MiAaPQ)EBC6424752
|
| 035 |
|
|
|a (Au-PeEL)EBL6424752
|
| 035 |
|
|
|a (OCoLC)1224278068
|
| 040 |
|
|
|a MiAaPQ
|b eng
|e rda
|e pn
|c MiAaPQ
|d MiAaPQ
|
| 100 |
1 |
|
|a Satjukow, Elisa.
|
| 245 |
1 |
4 |
|a Die andere Seite der Intervention :
|b Eine serbische Erfahrungsgeschichte der NATO-Bombardierung 1999.
|
| 250 |
|
|
|a 1st ed.
|
| 264 |
|
1 |
|a Bielefeld :
|b transcript,
|c 2020.
|
| 264 |
|
4 |
|c ©2020.
|
| 300 |
|
|
|a 1 online resource (307 pages)
|
| 336 |
|
|
|a text
|b txt
|2 rdacontent
|
| 337 |
|
|
|a computer
|b c
|2 rdamedia
|
| 338 |
|
|
|a online resource
|b cr
|2 rdacarrier
|
| 490 |
1 |
|
|a Histoire ;
|v v.162
|
| 505 |
0 |
|
|a Cover -- Inhalt -- Danksagung -- 1. Die NATO-Bombardierung 1999 als ambivalenter Erinnerungsort und Erfahrungsraum -- 1.1 »Zu jung, nicht dabei gewesen und nicht mal von hier.« Herausforderungen einer zeitgeschichtlichen Forschung über die jugoslawischen Zerfallskriege -- 1.2 Quellenkorpus und Quellenkritik -- 1.3 Aufbau des Buches -- 2. Zwischen Normalitätsdiskursen und Ausnahmepraktiken in der Ära Milošević. Serbische Erfahrungsräume der langen 1990er Jahre -- 2.1 Die Wiege des Nationalismus: Der Kosovo-Mythos -- 2.2 Der Zerfall Jugoslawiens und die Entstehung des Anderen Serbiens -- 2.3 Der Krieg der Anderen. Die Zeit des Bosnienkrieges in Serbien -- 2.4 Vom Kriegstreiber zum Friedensbringer? Milošević in Dayton und die Folgen für Serbien -- 2.5 Der Winter des Protests und der Frühling der Ernüchterung -- 2.6 Vorbereitungen zum Krieg: Das Jahr 1998 in Kosovo und Serbien -- 2.7 Die permanente Ausnahme oder die außerordentliche Normalität? Überlegungen zu einer gesellschaftlichen Ordnung der langen 1990er Jahre -- 3. Alltag der Ausnahme. Die NATO‑Bombardierung und ihre Auswirkungen auf das Leben in Serbien -- 3.1 Warten auf Bomben -- 3.2 Leben unter Bomben -- 3.3 Sterben unter Bomben -- 4. Moralische Erschütterungen. Die Bombardierung als Gewissensfrage -- 4.1 »There is no collective responsibility for any criminal act!« - Reaktionen auf die NATO-Bombardierung in Serbien -- 4.2 »Die Menschen treffen sich auf diesem Platz und singen und irgendwo sterben Leute jeden Tag.« Positionierungen zum Krieg in Kosovo -- 5. Tränen der Freude, Tränen der Wut. Die Bombardierung als Happening -- 5.1 Trotz und Widerstand unter dem TARGET-Symbol -- 5.2 »Best time of my life!« Gefahr und Vergemeinschaftung unter Bomben -- 5.3 »Bombardan«. Humoristische Strategien im Umgang mit den Luftangriffen.
|
| 505 |
8 |
|
|a 6. Vergeben, aber nicht vergessen. Die gesellschaftspolitischen Folgen und die erinnerungskulturelle Aufarbeitung der NATO-Bombardierung (1999-2019) -- 6.1 Das Ende der Bombardierung und das Andauern des Ausnahmezustandes. Der Nach-Krieg in Serbien -- 6.2 Die Erfindung der »NATO-Aggression« als serbischer Erinnerungsort (1999-2000) -- 6.3 Der Paradigmenwechsel in der Erinnerung an die NATO-Bombardierung nach der demokratischen Wende (2001-2013) -- 6.4 Die Wiederentdeckung der »NATO-Aggression« als moderner Kosovo-Mythos (2014-2019) -- 7. »NATO planes in the sky, Milošević on the ground!« - Schlussbetrachtungen -- Quellen- und Literaturverzeichnis.
|
| 588 |
|
|
|a Description based on publisher supplied metadata and other sources.
|
| 590 |
|
|
|a Electronic reproduction. Ann Arbor, Michigan : ProQuest Ebook Central, 2023. Available via World Wide Web. Access may be limited to ProQuest Ebook Central affiliated libraries.
|
| 655 |
|
4 |
|a Electronic books.
|
| 776 |
0 |
8 |
|i Print version:
|a Satjukow, Elisa
|t Die andere Seite der Intervention
|d Bielefeld : transcript,c2020
|z 9783837649390
|
| 797 |
2 |
|
|a ProQuest (Firm)
|
| 830 |
|
0 |
|a Histoire
|
| 856 |
4 |
0 |
|u https://ebookcentral.proquest.com/lib/matrademy/detail.action?docID=6424752
|z Click to View
|